000 00489nam a22001697a 4500
999 _c9276
_d9276
008 210401b ||||| |||| 00| 0 eng d
040 _aBMS College of Architecture
100 _aM, Sahana
245 _aThe Bio-tech park
300 _aNA
500 _a1BM00AT026
502 _8B.Arch
_NBMS College of Architecture, Visvesvaraya Technological University
_aProject report
_d2004
650 _aPark
700 _aMahalakshmi K
_eGuide
700 _aSridhar Rajan
_eGuide
942 _2ddc
_cTHE